000 00614nam a2200229Ia 4500
003 OSt
005 20220926042945.0
006 a|||||r|||| 00| 0
007 ta
008 220923b |||||||| |||| 00| 0 eng d
037 _cGeneral Book
040 _aRTL
_cRTL
_beng
041 _2eng
_aeng
082 _aX65:8:(S:44), K5
100 _aWilliams Bruce R
_9347017
245 0 _aInvestment proposals and decisions
260 _c1965
650 _aInvestment
700 _a Scott W P
_9347018
942 _hX65:8:(S:44), K5
_cGB
_2CC
999 _c671040
_d671040